| 000 | 02536cam a22002414a 4500 | ||
|---|---|---|---|
| 005 | 20250605164040.0 | ||
| 008 | 250528s ||||||||||||||||||||||||d | ||
| 035 | _a16951 | ||
| 020 | _a30243998 | ||
| 040 |
_aGR-AtMCL _bgre _dGR-AtMCL _eAACR2 |
||
| 245 | 1 | _aFinancial Management / Theory and Practice: Ninth Edition | |
| 250 | _a9th | ||
| 260 |
_bHarcourt College Publishers, _c1999 |
||
| 300 | _a1178 | ||
| 505 | 0 | _aPreface, Introduction to Financial Management, An Overview of Financial Management, Financial Statements and Cash Flow and Taxes, Analysis of Financial Statements, Extensions, The Financial Environment: Markets and Institutions and Interest Rates, Fundamental Concepts, Risk and Return: The Basics, Risk and Return: Extensions, Time Value of Money, Securities and Their Valuation, Bonds and Their Valuation, Stocks and Their Valuation, Strategic Investment Decisions, The Cost of Capital, The Basics of Capital Budgeting, Risk Analysis and Real Options, Strategic Financing Decisions, Distribution to Shareholders: Dividends and Repurchases, Tactical Financing Decisions, Lease Financing, Hybrid Financing: Preferred Stock and Warrants and Convertibles, Working Capital Management, Current Asset Management, Short-Term Financing, Special Topics, Derivatives and Risk Management, Multinational Financial Management, Pension Plan Management, Appendixes, Index. | |
| 520 | _aPreface, Introduction to Financial Management, An Overview of Financial Management, Financial Statements and Cash Flow and Taxes, Analysis of Financial Statements, Extensions, The Financial Environment: Markets and Institutions and Interest Rates, Fundamental Concepts, Risk and Return: The Basics, Risk and Return: Extensions, Time Value of Money, Securities and Their Valuation, Bonds and Their Valuation, Stocks and Their Valuation, Strategic Investment Decisions, The Cost of Capital, The Basics of Capital Budgeting, Risk Analysis and Real Options, Strategic Financing Decisions, Distribution to Shareholders: Dividends and Repurchases, Tactical Financing Decisions, Lease Financing, Hybrid Financing: Preferred Stock and Warrants and Convertibles, Working Capital Management, Current Asset Management, Short-Term Financing, Special Topics, Derivatives and Risk Management, Multinational Financial Management, Pension Plan Management, Appendixes, Index. | ||
| 700 | 1 |
_aBrigham Eugene F _91101 |
|
| 700 | 1 |
_aEhrhardt Michael C _93047 |
|
| 700 | 1 |
_aGapenski Louis C _91102 |
|
| 942 | _cBK | ||
| 999 |
_c2394 _d2394 |
||